ポケモンのなまえ(第9世代) - Statistics

General Stats
  • This quiz has been taken 170 times
  • The average score is 63 of 120
Answer Stats
Answer % Correct
ニャオハ
93%
ホゲータ
92%
クワッス
92%
マスカーニャ
90%
ラウドボーン
85%
アチゲータ
83%
ニャローテ
82%
ウェーニバル
77%
コライドン
77%
ミライドン
77%
ウェルカモ
75%
テツノカイナ
71%
ワナイダー
68%
パモ
68%
テツノツツミ
68%
パーモット
67%
オーガポン
67%
テツノドクガ
65%
トドロクツキ
65%
ヘイラッシャ
64%
ハバタクカミ
64%
テツノブジン
64%
テツノイサハ
64%
グルトン
63%
パモット
63%
チヲハウハネ
63%
テツノワダチ
63%
テラパゴス
63%
サケブシッポ
62%
シャリタツ
61%
イダイナキバ
61%
テツノコウベ
61%
ウネルミナモ
61%
マシマシラ
61%
タケルライコ
61%
モモワロウ
61%
パフュートン
60%
イイネイヌ
60%
マメバッタ
58%
エクスレッグ
58%
テツノイバラ
58%
ハラバリー
57%
ブロロローム
57%
サーフゴー
57%
ナカヌチャン
56%
デカヌチャン
56%
コレクレー
56%
キチキギス
56%
カヌチャン
55%
ブロロン
55%
テツノイワオ
55%
カイデン
54%
オトシドリ
54%
カラミンゴ
54%
アラブルタケ
54%
ウガツホムラ
54%
ガケガニ
52%
スナノケガワ
52%
テツノカシラ
52%
タマンチュラ
51%
ズピカ
51%
パオジアン
51%
イーユイ
51%
ブリジュラス
51%
タイカイデン
50%
ミガルーサ
50%
ドオー
50%
チオンジェン
50%
カミツオロチ
50%
コジオ
49%
キョジオーン
49%
ミミズズ
48%
ディンルー
48%
コノヨザル
46%
ドドゲザン
46%
セビエ
46%
セグレイブ
46%
パピモッチ
44%
オリーヴァ
44%
イキリンコ
44%
モトトカゲ
44%
ヤバソチャ
44%
グレンアルマ
43%
キラーメ
43%
セゴール
43%
カミッチュ
43%
ソウブレイズ
42%
タギングル
42%
イルカマン
42%
キラフロル
42%
ジオヅム
40%
クエスパトラ
40%
ウミディグダ
40%
ナミイルカ
40%
ボチ
40%
イッカネズミ
39%
バウッツェル
39%
カルボウ
39%
ハルクジラ
39%
リキキリン
39%
ミニーブ
38%
ウミトリオ
38%
ハカドッグ
38%
ノココッチ
38%
チャデス
38%
アルクジラ
37%
ワッカネズミ
36%
オリーニョ
36%
ヒラヒナ
36%
リククラゲ
35%
シガロコ
32%
オラチフ
31%
アノホラグサ
31%
カプサイジ
31%
マフィティフ
30%
アノクサ
29%
ノノクラゲ
29%
スコヴィラン
29%
シルシュルー
27%
ベラカス
24%
No matching quizzes found
Score Distribution
Percent of People with Each Score
Percentile by Number Answered
Your Score History
You have not taken this quiz